000 00634nam a2200217 i 4500
001 42389
003 ES-MaACL
005 20250911062638.0
007 t|
008 030313s1963 sp ||||1| spa d
080 _a821.134.2-34"19"
100 1 _aCela, Camilo José,
_d1916-2002
_937336
245 1 4 _aLas compañías convenientes y otros fingimientos y cegueras /
_cCamilo José Cela.
250 _a1ª ed.
260 _aBarcelona :
_bDestino,
_c1963.
300 _a287 p. ;
_c18 cm.
490 1 _aÁncora y delfín ;
_v241
830 1 0 _aÁncora y Delfín
_v241
_9151298
852 4 _aES-MaACL
_jC-24567
999 _c42389
_d42389